Bez finančně gramotných klientů to nepůjde
Formulácia Rámcovej politiky v oblasti ochrany spotrebiteľa v ČR. Ministerstvo financií ČR definuje túto aktivitu ako dosiahnutie situácie, kedy spotrebiteľ koná na finančnom trhu zodpovedné a adekvátne rozhodnutia v jeho aktuálnej situácii a obstaráva si služby k jeho potrebám a možnostiam. Stratég...
Salvato in:
| Autore principale: | |
|---|---|
| Natura: | Capitolo di libro |
| Lingua: | ceco |
| Soggetti: | |
| Tags: |
Nessun Tag, puoi essere il primo ad aggiungerne!!
|
MARC
| LEADER | 00000naa$a2200000$$$4500 | ||
|---|---|---|---|
| 001 | 0110277 | ||
| 005 | 20231006081406.7 | ||
| 041 | 0 | |a cze | |
| 044 | |a CZ | ||
| 245 | 1 | 0 | |a Bez finančně gramotných klientů to nepůjde |c Dušan Hradil |
| 520 | |a Formulácia Rámcovej politiky v oblasti ochrany spotrebiteľa v ČR. Ministerstvo financií ČR definuje túto aktivitu ako dosiahnutie situácie, kedy spotrebiteľ koná na finančnom trhu zodpovedné a adekvátne rozhodnutia v jeho aktuálnej situácii a obstaráva si služby k jeho potrebám a možnostiam. Stratégia finančného vzdelávania občanov ČR. | ||
| 610 | 2 | 0 | |a Česko |
| 610 | 2 | 0 | |a poisťovníctvo |
| 610 | 2 | 0 | |a trh finančný |
| 610 | 2 | 0 | |a podmienky poistné |
| 610 | 2 | 0 | |a zmluvy poistné |
| 610 | 2 | 0 | |a typy poistenia |
| 610 | 2 | 0 | |a ochrana spotrebiteľa |
| 100 | 1 | |a Hradil, Dušan | |